000 00745nam a2200289Ia 4500
005 20260324120219.0
008 008 260324s9999 xx 000 0 eng d
020 _a9781315591018
037 _aEBOOK
040 _aCRL
040 _beng
040 _cCRL
041 _2eng
041 _aeng
084 _qCRL
100 _aKwaku Appiah-Adu; Mahamudu Bawumia
_91157682
245 0 _aKey Determinants of National Development
245 0 _bHistorical Perspectives and Implications for Developing Economies
260 _bTaylor and Francis
260 _c2015
365 _a
365 _b240
856 _uhttp://www.taylorfrancis.com/books/9781315591018
942 _cEBOOK
999 _c1749096
_d1749096